000 00756nam a22002777a 4500
001 31951
003 UA-OsUOA
005 20210831153222.0
007 ta
008 20050117b un ||||| |||| 00| 0 ukr d
020 _a5325005898
040 _aUA-OsUOA
_bukr
_cUA-OsUOA
_dUA-OsUOA
041 _aukr
044 _aUA
080 _a94(477)
090 _a94(477)
_bП52
100 _aПолонська-Василенко Н.
245 _aІсторія України: у 2 т.
260 _aК.
_bЛибідь
_c1995
300 _a672 с.
505 _gТ. 1
650 7 _a9 Географія. Біографії. Історія
_2UDC
942 _cBK
_2udc
955 _a2
999 _c318387
_d318387